00633cam a22002057i 450000100060000000300080000600500170001400800390003103500190007003500160008903500180010504000320012304100080015508200220016310000330018524500870021826000780030530000250038365000190040825801BD-RjUL20211209050929.0140319s1979 bg 000 0 eng a(BD-RjUL)25871 a(DLC)880287 a(DLC)79907545 aDLCcDLCdDLCdBD-RjULbeng aeng a954.145bUMI 19791 aUmara, Badaruddīna,d1931-10aImperialism and general crisis of the bourgeoisie in Bangladesh /cBadruddin Umar. aDacca ;bProgoti Prakashani :bdistributed by Nawroze Kitabistan,c1979. aii, 118 p. ;c22 cm. ageneral crisis